El sistema de despoblación, genocidio y Revolución francesa / (Record no. 181117)

MARC details
000 -LEADER
campo de control de longitud fija 01229nam a2200301 i 4500
001 - NÚMERO DE CONTROL
campo de control 181117
003 - IDENTIFICADOR DE NÚMERO DE CONTROL
campo de control ES-MaACL
005 - FECHA Y HORA DE LA ÚLTIMA TRANSACCIÓN
campo de control 20231008175930.0
008 - DATOS DE LONGITUD FIJA--INFORMACIÓN GENERAL
campo de control de longitud fija 121017s2008 sp | |||||||| | spa d
020 ## - NÚMERO INTERNACIONAL ESTÁNDAR DEL LIBRO
Número Internacional Estándar del Libro 978-84-7960-398-4
080 ## - NÚMERO DE LA CLASIFICACIÓN DECIMAL UNIVERSAL
Número de la Clasificación Decimal Universal 94(44)"1793/1800"
080 ## - NÚMERO DE LA CLASIFICACIÓN DECIMAL UNIVERSAL
Número de la Clasificación Decimal Universal 94(441.4 N.)"17"
100 1# - ENTRADA PRINCIPAL--NOMBRE DE PERSONA
Nombre de persona Babeuf, Gracchus.
9 (RLIN) 24415
245 13 - MENCIÓN DEL TÍTULO
Título El sistema de despoblación, genocidio y Revolución francesa /
Mención de responsabilidad, etc. François-Noël "Gracchus" Babeuf ; estudio preliminar María Teresa Glez. Cortés ; traducción, Evelyne Pintor ; revisión de la traducción María Teresa Glez. Cortés.
260 ## - PUBLICACIÓN, DISTRIBUCIÓN, ETC.
Lugar de publicación, distribución, etc. Madrid :
Nombre del editor, distribuidor, etc. Ediciones de la Torre,
Fecha de publicación, distribución, etc. 2008.
300 ## - DESCRIPCIÓN FÍSICA
Extensión 190 p. ;
Dimensiones 24 cm.
490 1# - MENCIÓN DE SERIE
Mención de serie Biblioteca de nuestro mundo ;
Designación de volumen o secuencia 02.
Mención de serie Tamiz
500 ## - NOTA GENERAL
Nota general En el lomo: 508.
504 ## - NOTA DE BIBLIOGRAFÍA, ETC.
Nota de bibliografía, etc. Bibliografía: p. [187]-190.
651 #4 - PUNTO DE ACCESO ADICIONAL DE MATERIA--NOMBRE GEOGRÁFICO
Nombre geográfico Francia-
Subdivisión general Historia-
Subdivisión cronológica 1793-1800, Guerra de la Vendée.
9 (RLIN) 141200
651 #4 - PUNTO DE ACCESO ADICIONAL DE MATERIA--NOMBRE GEOGRÁFICO
Nombre geográfico Nantes-
Subdivisión general Historia.
9 (RLIN) 151666
700 1# - ENTRADA AGREGADA--NOMBRE PERSONAL
Nombre de persona González Cortés, María Teresa.
9 (RLIN) 138926
700 1# - ENTRADA AGREGADA--NOMBRE PERSONAL
Nombre de persona Pintor, Evelyne.
9 (RLIN) 151667
830 1# - PUNTO DE ACCESO ADICIONAL DE SERIE-TÍTULO UNIFORME
Título uniforme Biblioteca de nuestro mundo ;
Designación de volumen o secuencia 02.
Título uniforme Tamiz
9 (RLIN) 224699
852 ## - LOCALIZACIÓN
Ubicación ES-MaACL
Número de control de estantería A-12328
itemnumber 188000
Sublocalización o colección R.148550
Ubicación en estantería Depósito 1
Signatura antigua Olim: N-5333
942 ## - ELEMENTOS DE ENTRADA SECUNDARIOS (KOHA)
Fuente del sistema de clasificación o colocación Clasificación decimal universal
Tipo de ítem Koha Libro impreso
Holdings
Estatus retirado Estado de pérdida Fuente del sistema de clasificación o colocación Estado de daño No para préstamo Biblioteca de origen Biblioteca actual Ubicación en estantería Fecha de adquisición Fuente de adquisición Total de préstamos Signatura topográfica completa Código de barras Visto por última vez Precio de reemplazo Tipo de ítem Koha
    Clasificación decimal universal     Biblioteca del Ateneo de Madrid Biblioteca del Ateneo de Madrid Depósito 1 17/10/2012 Donación   A-12328 1190328 23/02/2023 23/02/2023 Libro impreso